Biggest Places in the United Kingdom - Statistics

General Stats
  • This quiz has been taken 95 times
  • The average score is 27 of 50
Answer Stats
Population Place % Correct
8,250,205 London
100%
552,267 Liverpool
96%
510,746 Manchester
96%
1,085,810 Birmingham
93%
474,632 Leeds
87%
535,907 Bristol
85%
590,570 Glasgow
85%
268,064 Newcastle upon Tyne
82%
335,145 Cardiff
79%
518,090 Sheffield
79%
459,630 Edinburgh
78%
186,682 Norwich
72%
253,651 Southampton
71%
443,760 Leicester
68%
289,301 Nottingham
67%
229,700 Brighton
66%
328,937 Belfast
65%
179,485 Swansea
63%
152,841 York
62%
195,040 Aberdeen
60%
234,982 Plymouth
60%
145,818 Cambridge
59%
255,394 Derby
59%
159,994 Oxford
59%
238,137 Portsmouth
59%
284,321 Kingston upon Hull
56%
349,561 Bradford
55%
218,705 Reading
55%
210,319 Wolverhampton
50%
144,957 Ipswich
49%
174,286 Sunderland
49%
325,949 Coventry
46%
270,726 Stoke on Trent
46%
187,503 Bournemouth
44%
174,700 Middlesbrough
41%
147,390 Dundee
39%
147,663 Blackpool
38%
215,173 Northampton
38%
161,707 Peterborough
33%
162,949 Huddersfield
29%
171,750 Milton Keynes
28%
194,189 Bolton
27%
182,441 Swindon
26%
211,228 Luton
24%
175,547 Southend on Sea
17%
154,718 Poole
15%
165,456 Warrington
11%
142,723 Telford
10%
155,298 Slough
9%
142,968 Birkenhead
6%
No matching quizzes found
Score Distribution
Percent of People with Each Score
Percentile by Number Answered
Your Score History
You have not taken this quiz